Kovilakam/ (Record no. 24531)

000 -LEADER
fixed length control field 00360nam a22001451a 4500
082 ## - DEWEY DECIMAL CLASSIFICATION NUMBER
Classification number M3
Item number RSV/K
100 ## - MAIN ENTRY--PERSONAL NAME
Personal name R S Varmaji
9 (RLIN) 112635
245 ## - TITLE STATEMENT
Title Kovilakam/
Statement of responsibility, etc. by R S Varmaji
260 ## - PUBLICATION, DISTRIBUTION, ETC.
Name of publisher, distributor, etc. R S Varmaji,
Date of publication, distribution, etc. 1979.
Place of publication, distribution, etc.
300 ## - PHYSICAL DESCRIPTION
Extent 148p.
650 ## - SUBJECT ADDED ENTRY--TOPICAL TERM
Topical term or geographic name entry element Novel Malayalam
9 (RLIN) 112636
650 ## - SUBJECT ADDED ENTRY--TOPICAL TERM
Topical term or geographic name entry element Literature Malayalam
9 (RLIN) 112637
650 ## - SUBJECT ADDED ENTRY--TOPICAL TERM
Topical term or geographic name entry element Literature
9 (RLIN) 112638
942 ## - ADDED ENTRY ELEMENTS (KOHA)
Koha item type Book
Holdings
Withdrawn status Lost status Damaged status Not for loan Permanent Location Current Location Date acquired Cost, normal purchase price Total Checkouts Full call number Barcode Date last seen Cost, replacement price Price effective from Koha item type
        Sree Sankaracharya University of Sanskrit Sree Sankaracharya University of Sanskrit 08.01.2015 8.00   M3 RSV/K 001697 08.01.2015 0.00 08.01.2015 Book